Skúmanie postavenia človeka v sociálno-ekonomickom rozvoji

Bibliographic Details
Main Author: Hronský, Filip, 1921- (Author)
Format: Article
Language:Slovak
PhysicalDescription:Tb. 2.
Subjects:

MARC

LEADER 00000nab a2200000 a 4500
001 vtls000374775
003 SK-MaSNL
005 20260303134506.0
008 230217c1989 xo 0 slo
015 |a SNBRB19rr/mm-uuuuu 
035 |a CL0374897 
035 |a urn:nbn:sk:snk-ab6r0i 
035 |a (uuid)8104302d-aceb-4cbb-a749-2a9088994866 
035 |a (urnnbn)urn:nbn:sk:snk:ar-a05a4d 
035 |a (sysno)vtls000374775 
040 |a SNKBUCL  |b slo  |c SNKBUCL  |e AACR2 
041 0 |a slo 
044 |a xo  |c SK 
080 |a 338.27(437.6)  |2 1981 
080 |a 330.341  |2 1981 
080 |a 330.342.15  |2 1981 
080 |a 308  |2 1981 
100 1 |a Hronský, Filip,  |d 1921-  |4 aut  |9 134794 
245 1 0 |a Skúmanie postavenia človeka v sociálno-ekonomickom rozvoji  |c Filip Hronský 
300 |b Tb. 2. 
650 0 7 |a SSR  |2 snkbucl  |9 926679 
650 0 7 |a ekonomický rozvoj  |2 snkbucl  |9 49952 
650 0 7 |a sociálny rozvoj  |2 snkbucl  |9 67413 
650 0 7 |a vedecko-technický rozvoj  |2 snkbucl  |9 3999 
650 0 7 |a ekonomické prognózy  |2 snkbucl  |9 2144 
655 7 |a články z novín a časopisov  |2 snkbucl  |9 267496 
773 0 |t Ekonomický časopis  |g Roč. 37, č. 9 (1989), s. 849-863 
850 |a Slovenská národná knižnica v Martine  |a MTA001 
852 |a SNK  |b KIS3GCP 
954 |a odborná, vedecká literatúra pôvodná (slovenská)  |2 lita 
958 |a RK 
958 |a OND 
958 |a EUIPO 
958 |a article27 
992 |a RBX 
999 |c 1960853  |d 1962783